00600nam a2200229 a 4500001001300000003000900013005001700022008004100039020000900080082001800089100002300107245004500130260004400175300000900219500003500228505001000263650001600273650002100289650001400310650002300324700002300347nice12345678IN_TiNIC20260116012337.0050524s1981 dela grp 000 0 eng  ac6500a294.5512bMUK aMukherjee, Prabhat aHistory of Medival Vaishnavism in Orissa aDelhibAsian Educational Servicesc1981 a200p aincludes index and biblioraphy2 aIndex aVaishnavism aJagannath-Temple aJagannath aOrissa-Vaishnavism1 aMukherjee, Prabhat